Die größten Länder aller Zeiten - Statistiken

Allgemein
  • Dieses Quiz wurde 101 mal gespielt
  • Das Durchschnittsergebnis liegt bei 8 aus 20
Antwortstatistiken
Fläche Land Zeitpunkt % Korrekt
6 500 000 km² Römisches Reich 116
88%
22 800 000 km² Russisches Kaiserreich 1895
82%
35 500 000 km² Britisches Weltreich 1920
80%
22 300 000 km² Sowjetunion 1945
69%
24 000 000 km² Mongolisches Reich 1270/1309
68%
9 670 000 km² Vereinigte Staaten 1899
68%
11 500 000 km² Zweites Französisches Kolonialreich 1920
68%
13 700 000 km² Spanisches Kolonialreich 1810
59%
10 400 000 km² Portugiesisches Kolonialreich 1815
51%
8 500 000 km² Japanisches Kaiserreich 1942
45%
8 337 000 km² Kaiserreich Brasilien 1889
40%
9 500 000 km² Kalifat der Abbasiden 750
9%
13 000 000 km² Qing-Dynastie 1790
9%
6 500 000 km² Ming-Dynastie 1450
8%
11 100 000 km² Kalifat der Umayyaden 720
7%
11 100 000 km² Yuan-Dynastie 1310
7%
6 400 000 km² Kalifat der Rashidun 655
5%
6 500 000 km² Östliche Han-Dynastie 100
5%
7 100 000 km² Iberische Union 1640
4%
9 000 000 km² Xiongnureich 176 v. Chr.
3%
Keine übereinstimmenden Quizze gefunden
Verteilung der Resultate
Anzahl Personen mit jedem Resultat
Perzentil nach korrekt beantworteten Fragen
Ihre Resultats-Entwicklung
Sie haben dieses Quiz noch nicht gespielt